Bóng tối cô đơn
Gardado en:
| Autor Principal: | |
|---|---|
| Formato: | Libro |
| Idioma: | Undetermined |
| Publicado: |
Tp. HCM
Văn Nghệ
2001
|
| Những chủ đề: | |
| Các nhãn: |
Engadir etiqueta
Sen Etiquetas, Sexa o primeiro en etiquetar este rexistro!
|
| Thư viện lưu trữ: | Trung tâm Học liệu Trường Đại học Cần Thơ |
|---|
| LEADER | 00466nam a2200169Ia 4500 | ||
|---|---|---|---|
| 001 | CTU_40406 | ||
| 008 | 210402s9999 xx 000 0 und d | ||
| 082 | |a 895.13 | ||
| 082 | |b Qu609 | ||
| 100 | |a Quỳnh Dao | ||
| 245 | 0 | |a Bóng tối cô đơn | |
| 245 | 0 | |c Quỳnh Dao | |
| 260 | |a Tp. HCM | ||
| 260 | |b Văn Nghệ | ||
| 260 | |c 2001 | ||
| 650 | |a chinese fiction - 20th century ( vietnemese ) | ||
| 980 | |a Trung tâm Học liệu Trường Đại học Cần Thơ | ||